00631nam a2200169 a 450000500170000000800410001702000150005805000170007310000290009024500740011926000360019330000310022965000320026065000330029299900190032595201170034420140414132111.0110513s19uu xx 00 eng d a043964948X aTRbSM3 2004 aMunsch, Robert N., 1945- aSmelly socks /cby Robert Munsch ; illustrated by Michael Martchenko. aNew York :bScholastic,cc2004. a28 p. : col. ill. ; 20 cm. aHygienex Juvenile fiction. aBody odorxJuvenile fiction. c114761d114761 00104050aMUbMUcTRd2011-05-13eBkRewardg135.00l0oTR SM3 2004pM6656r2014-04-14 00:00:00w2014-04-14yBK